000 00599nam a2200241Ia 4500
003 OSt
005 20220918212145.0
006 a|||||r|||| 00| 0
007 ta
008 220917b |||||||| |||| 00| 0 eng d
024 _a127,516
037 _cTextual
040 _aARTS
_cARTS
_beng
041 _2eng
_aeng
082 _aW61, L1-;1
100 _aBirgh A H
_9122718
245 0 _aRepresentation
260 _aLondon
_bMacMillan UK
_c1971
300 _a149p.
_ccm.
650 _aPOLITICAL SCIENCE
942 _hW61, L1-;1
_cTEXL
_2CC
999 _c250658
_d250658